What you believe and why: (Record no. 3404)

000 -LEADER
fixed length control field 00615nam a2200181 a 4500
001 - CONTROL NUMBER
control field :::00001134$&:&@@
003 - CONTROL NUMBER IDENTIFIER
control field OkBaRHE
005 - DATE AND TIME OF LATEST TRANSACTION
control field 20000607103241.0
008 - FIXED-LENGTH DATA ELEMENTS--GENERAL INFORMATION
fixed length control field s1972 j 000 0 eng u
040 ## - CATALOGING SOURCE
Transcribing agency
100 1# - MAIN ENTRY--PERSONAL NAME
Personal name Woodson, Leslie H., 1929-
245 10 - TITLE STATEMENT
Title What you believe and why:
Remainder of title Bible doctrines made understandable to the man-on-the-street.
260 ## - PUBLICATION, DISTRIBUTION, ETC. (IMPRINT)
Place of publication, distribution, etc Grand Rapids, MI., :
Name of publisher, distributor, etc Zondervan Publishing House
Date of publication, distribution, etc c1972
300 ## - PHYSICAL DESCRIPTION
Extent 160 p. ;
Dimensions 21 cm.
650 ## - SUBJECT ADDED ENTRY--TOPICAL TERM
Topical term or geographic name as entry element Bible
General subdivision Theology
942 ## - ADDED ENTRY ELEMENTS (KOHA)
Source of classification or shelving scheme
Koha item type Books
Copies
Permanent Location Date last seen Koha item type Damaged status Withdrawn status Full call number Copy number Date acquired Source of classification or shelving scheme Barcode Price effective from Not for loan Lost status Shelving location
RHEMA Bible Training College2018-02-16Books  BS 543 .W6612010-04-14 11342010-04-14  General Stacks